| 000 | 02667nam a22002417a 4500 | ||
|---|---|---|---|
| 001 | 6587 | ||
| 003 | FISKH | ||
| 005 | 20250908155703.0 | ||
| 008 | 250513b cb ||||| |||| 00| 0 eng d | ||
| 040 |
_aFISKH _bkhr _cFISKH _dFISKH |
||
| 082 | _a010 | ||
| 100 | _aThok, Um | ||
| 245 |
_aសុឺមអ្នកបរឡាន / _cនិពន្ធដោយ លោក អឺម ថុក |
||
| 250 | _aបោះពុម្ពលើកទី២ | ||
| 260 |
_aភ្នំពេញ : _bក្រសួងអប់រំ យុវជន និងកីឡា , _c២០០៩ . |
||
| 300 |
_a34 pages : _billustrations ; _c21 cm. |
||
| 520 | _aសុឺម ជាបុរសមានចិត្តស្មោះត្រង់ ដែលប្រឹងប្រែងធ្វើការជាអ្នកបរឡាន ដើម្បីរកប្រាក់ចិញ្ចឹមគ្រួសារ។ ជីវិតរបស់គាត់មិនមែនងាយស្រួលទេ ប៉ុន្តែគាត់មិនដែលបោះបង់នឹងការប្រកាន់ខ្ជាប់នូវគុណធម៌នៃស្មោះត្រង់ និងមិនយល់អនុញ្ញាតឱ្យអំពើអាក្រក់ណាមួយប៉ះពាល់ដល់ការរស់នៅរបស់គាត់ឡើយ។ ក្នុងដំណើររបស់គាត់ អ្នកសុឺមបានជួបជាមួយព្រឹត្តិការណ៍នានា ដែលសាកល្បងស្មារតីនិងសេចក្ដីស្មោះរបស់គាត់។ នៅចុងបញ្ចប់ គាត់បានទទួលសេចក្ដីគោរពនិងស្រឡាញ់ពីសង្គម ដោយសារគុណធម៌ និងការរួមចំណែកលើសមិទ្ធផលល្អៗ។ | ||
| 520 | _aSoeum is an honest man who works hard as a cart driver to earn money to support his family. His life is not easy, but he never gives up on upholding the value of honesty and never allows any wrongdoing to affect his way of life. Throughout his journey, Soeum encounters many events that test his spirit and integrity. In the end, he earns respect and love from society because of his virtues and contributions to good deeds. | ||
| 650 |
_aសុឺមអ្នកបរឡាន _vអក្សរសិល្ប៏ទំនើបបែបមនោគមវិជ្ជា |
||
| 650 |
_aSoeum nak bor lan _vModern literature in the style of psychology |
||
| 942 |
_2ddc _cKHB _n0 |
||
| 999 |
_c6587 _d6587 |
||